Beginning university : thinking, researching and writing for success /

Background; The basics; Learning strategies; Assignments; and Beyond university.

Gorde:
Xehetasun bibliografikoak
Egile nagusia: Wallace, Andrew, 1945-
Beste egile batzuk: Schirato, Tony., Bright, Phillippa.
Formatua: Liburua
Hizkuntza:English
Argitaratua: St Leonards, N.S.W : Allen and Unwin, 1999.
Gaiak:
Etiketak: Etiketa erantsi
Etiketarik gabe, Izan zaitez lehena erregistro honi etiketa jartzen!
Thư viện lưu trữ: Mạng thư viện Đại học Đà Nẵng
LEADER 01184cam a2200397 i 4500
001 000048204
003 7910
005 20041027080709.0
008 010319b1999 vm 000 eng
020 |a 1864488891 
040 |a IRC  |c IRC  |d IRC 
041 0 |a eng 
082 1 4 |a 371.30281  |b WA-A 
100 1 |a Wallace, Andrew,  |d 1945- 
245 1 0 |a Beginning university :  |b thinking, researching and writing for success /  |c Andrew Wallace, Tony Schirato and Phillippa Bright. 
260 |a St Leonards, N.S.W :  |b Allen and Unwin,  |c 1999. 
300 |a vi, 248 p. ;  |c 21.5 cm. 
520 3 |a Background; The basics; Learning strategies; Assignments; and Beyond university. 
630 0 4 |a Education. 
630 0 4 |a Australia. 
630 0 4 |a Study. 
630 0 4 |a Universities and colleges. 
650 0 4 |a Study skills  |z Australia. 
650 0 4 |a Universities and colleges  |z Australia. 
700 1 |a Schirato, Tony. 
700 1 |a Bright, Phillippa. 
OWN |a DUT 
999 |a From the UDN01 
TYP |a Monograph 
TYP |a Printed language 
980 |a Mạng thư viện Đại học Đà Nẵng